000 00381pab a2200145 454500
008 180718b2002 xxu||||| |||| 00| 0 eng d
100 _aPurkayastha, Prabir
245 _aRestoring conceptual independence to technology
260 _c2002
300 _ap.33-38
362 _a5 jan
650 _aScience and technology
773 _aEconomic and Political Weekly
909 _a51457
999 _c51457
_d51457